Glasgow subway stations - Statistics

General Stats
  • This quiz has been taken 7 times
  • The average score is 10 of 15
Answer Stats
Answer % Correct
Buchanan street
100%
St enoch
100%
Govan
83%
Ibrox
83%
Kelvinhall
83%
Bridge street
67%
Cessnock
67%
Hillhead
67%
Kelvinbridge
67%
Partick
67%
Cowcaddens
50%
St george's cross
50%
West street
50%
Shields road
33%
Kinning park
17%
No matching quizzes found
Score Distribution
Percent of People with Each Score
Percentile by Number Answered
Your Score History
You have not taken this quiz